[Event "6th ch-EURw"]
[Site "Chisinau MDA"]
[Date "2005.06.17"]
[Round "7"]
[White "Bulmaga,I"]
[Black "Mar,K"]
[Result "0-1"]
[WhiteElo "2046"]
[BlackElo "2119"]

1.e4 c5 2.Nf3 d6 3.Bb5+ Bd7 4.Bxd7+ Qxd7 5.O-O Nc6 6.Qe2 Nf6 7.c3 e6 8.d4 cxd4
9.cxd4 d5 10.e5 Ne4 11.Be3 Be7 12.Ne1 f6 13.f3 Ng5 14.Nd2 fxe5 15.dxe5 Nf7
16.f4 O-O 17.Nd3 b6 18.Rac1 Nh6 19.Nf3 Nf5 20.Bf2 Na5 21.Nd4 Nxd4 22.Bxd4 Qa4
23.Bc3 Qxa2 24.Ra1 Qb3 25.Qg4 Rf5 26.Bxa5 bxa5 27.Qh3 Rb8 28.Rac1 Qb6+ 29.Kh1 a4
30.g4 Rff8 31.f5 Bg5 32.Rcd1 d4 33.fxe6 Qxe6 34.Rf5 Be3 35.Qf3 g6 36.Rxf8+ Rxf8
37.Qg2 Qb3 38.Qe2 a5 39.h3 a3 40.bxa3 Qxa3 41.Qc2 Qc3 42.Qa2+ Kg7 43.Qa4 Qc7
44.Qb3 Qc6+ 45.Kh2 Qf3 46.Qc2 Bf4+ 47.Kg1 Qg3+ 48.Qg2 Qe3+ 49.Kh1 Bxe5 50.Nxe5 Qxe5
51.Qb7+ Rf7 52.Qg2 Qe3 53.Rd3 Qe1+ 54.Kh2 Rf2  0-1

[Event "Marx Gyorgy Open"]
[Site "Paks HUN"]
[Date "2005.06.19"]
[Round "6"]
[White "Videki,S"]
[Black "Tancsa,R"]
[Result "1-0"]
[WhiteElo "2405"]
[BlackElo "2253"]

1.e4 c5 2.Nf3 d6 3.Bb5+ Bd7 4.Bxd7+ Qxd7 5.O-O Nf6 6.Qe2 Nc6 7.c3 e6 8.d4 Be7
9.Rd1 cxd4 10.cxd4 O-O 11.Nc3 d5 12.e5 Ne8 13.Bf4 f5 14.exf6 Bxf6 15.Ne5 Bxe5
16.Bxe5 Nxe5 17.Qxe5 Rf5 18.Qe2 Nd6 19.Rd3 Rf6 20.Rc1 Raf8 21.f3 Rg6 22.Nd1 Qb5
23.Rc2 Qb6 24.Ne3 Rf4 25.Qd1 h5 26.g3 Nf5 27.Nxf5 Rxf5 28.Rc8+ Kh7 29.Rb3 Qd6
30.Kh1 b6 31.Qc1 h4 32.g4 Rf4 33.Rd3 Rf7 34.Rc6 Qb4 35.Kg2 Qe7 36.h3 Qb4
37.a3 Qb5 38.Qc2 Rff6 39.Re3 Kg8 40.Rc8+ Kh7 41.Re5 Rf5 42.Rxe6 Rxe6 43.Qxf5+ Rg6
44.Qc2 Qd7 45.f4 Qd6 46.Kf3 Qe7 47.f5 Rf6 48.g5 Rd6 49.g6+  1-0

[Event "Open"]
[Site "Voronezh RUS"]
[Date "2005.06.19"]
[Round "7"]
[White "Shaposhnikov,E"]
[Black "Chuprov,D"]
[Result "1/2-1/2"]
[WhiteElo "2550"]
[BlackElo "2454"]

1.e4 c5 2.Nf3 d6 3.Bb5+ Bd7 4.Bxd7+ Qxd7 5.O-O Nf6 6.Re1 Nc6 7.c3 e6 8.d4 cxd4
9.cxd4 d5 10.e5 Ne4 11.Nbd2 Nxd2 12.Bxd2 Be7 13.Rc1 O-O 14.Rc3 Rac8 15.a3 a6
16.Rd3 Qd8 17.h4 h6 18.h5 Qd7 19.Nh2 f5 20.exf6 Bxf6 21.Qg4 Rce8 22.Nf3 Kh8
23.Rde3 Rf7 24.Bc3 Rfe7 25.R3e2 Qd6 26.g3 Qd7 27.Kg2 Rc8 28.Ng1 Qc7 29.Nh3 e5
30.dxe5 Nxe5 31.Bxe5 Bxe5 32.Qf5 Kg8  1/2-1/2

[Event "6th EICC"]
[Site "Warsaw POL"]
[Date "2005.06.19"]
[Round "2"]
[White "Maze,S"]
[Black "Galazewski,T"]
[Result "1-0"]
[WhiteElo "2470"]
[BlackElo "2137"]

1.e4 c5 2.Nf3 d6 3.Bb5+ Bd7 4.Bxd7+ Nxd7 5.O-O Ngf6 6.Qe2 e6 7.b3 Be7 8.Bb2 O-O
9.d4 d5 10.exd5 Nxd5 11.c4 Nf4 12.Qe4 Qc7 13.g3 Ng6 14.Nc3 Nf6 15.Qe2 cxd4
16.Nxd4 Qe5 17.Qxe5 Nxe5 18.Rad1 Rfd8 19.Kg2 Rd7 20.Rfe1 Ng6 21.Ndb5 a6 22.Rxd7 Nxd7
23.Rd1 Nc5 24.Nd4 Rd8 25.Nf3 Nd3 26.Ba1 Bf6 27.Kf1 Rd7 28.Ne4 Bxa1 29.Rxa1 Kf8
30.Ke2 Ke7 31.h4 f5 32.Nc3 Nge5 33.Nxe5 Nxe5 34.Re1 h6 35.Na4 g5 36.hxg5 hxg5
37.Rh1 Kf6 38.Rh8 Nd3 39.Ke3 Ke5 40.Nb6 Rd4 41.Rh7 f4+ 42.gxf4+ gxf4+ 43.Kf3 Ne1+
44.Kg4 Nd3 45.Kf3 Ne1+ 46.Ke2 Re4+ 47.Kf1 f3 48.Nd7+ Kd4 49.Rh3 Kc3 50.Nc5 Re5
51.Nxb7 Kb4 52.Nd8 Ka3 53.Nf7 Rf5 54.Nd6 Re5 55.c5 Kxa2 56.Nc4 Rxc5 57.Kxe1 Kxb3
58.Nd2+ Kc2 59.Nxf3 e5 60.Nd2 a5 61.Ra3 Kb2 62.Rxa5  1-0

[Event "6th ch-EURw"]
[Site "Chisinau MDA"]
[Date "2005.06.20"]
[Round "9"]
[White "Dolzhikova,K"]
[Black "Melnikova,Y"]
[Result "1/2-1/2"]
[WhiteElo "2232"]
[BlackElo "2301"]

1.e4 c5 2.Nf3 d6 3.Bb5+ Nc6 4.O-O Nf6 5.Re1 Bd7 6.c3 a6 7.Ba4 b5 8.Bc2 e5
9.h3 Be7 10.d4 cxd4 11.cxd4 O-O 12.Nc3 Re8 13.Be3 Bf8 14.Rc1 Rc8 15.Bb1 h6
16.Nd5 Nxd5 17.exd5 Nxd4 18.Nxd4 Rxc1 19.Qxc1 exd4 20.Bxd4 Rxe1+ 21.Qxe1 Qg5
22.Qe4 g6 23.Bc3 b4 24.h4 Qh5 25.Bxb4 Bf5 26.Qe8 Qd1+ 27.Kh2 Qxd5 28.Bxf5 gxf5
29.Bc3 Qxa2 30.Qc8 Qa4 31.g3 Qc2 32.Kg1 Qd1+ 33.Kh2 Qf3 34.Kg1 Qd1+ 35.Kh2 Qf3
36.Kg1 f4 37.Qf5 Bg7 38.Qc8+ Kh7 39.Qf5+ Kg8 40.Qc8+  1/2-1/2

[Event "6th ch-EURw"]
[Site "Chisinau MDA"]
[Date "2005.06.21"]
[Round "10"]
[White "Korbut,E"]
[Black "Calzetta,M"]
[Result "1-0"]
[WhiteElo "2399"]
[BlackElo "2254"]

1.e4 c5 2.Nf3 d6 3.Bb5+ Bd7 4.Bxd7+ Qxd7 5.O-O Nc6 6.Qe2 g6 7.c3 Bg7 8.Rd1 e5
9.Na3 Nge7 10.Nc2 O-O 11.d4 exd4 12.cxd4 cxd4 13.Ncxd4 Nxd4 14.Nxd4 Rfe8
15.Nb5 d5 16.Bf4 d4 17.Nc7 Nd5 18.Nxe8 Nxf4 19.Qf3 Rxe8 20.Qxf4 Qb5 21.Rab1 Qe2
22.Re1 Qh5 23.Qd2 Qb5 24.Rbc1 d3 25.b3 Rd8 26.Rc4 Qh5 27.Re3 b5 28.Rxd3 Rf8
29.Rc2  1-0

[Event "White Nights"]
[Site "St Petersburg RUS"]
[Date "2005.06.21"]
[Round "4"]
[White "Vorobiov,D"]
[Black "Chuvakov,N"]
[Result "1-0"]
[WhiteElo "2099"]
[BlackElo "1942"]

1.e4 c5 2.Nf3 d6 3.Bb5+ Bd7 4.Bxd7+ Qxd7 5.c4 Nc6 6.O-O Nf6 7.Nc3 e5 8.d3 Be7
9.Bg5 h6 10.Bxf6 Bxf6 11.Nd5 Bd8 12.b4 cxb4 13.d4 a5 14.dxe5 dxe5 15.Qd2 Qe6
16.Nh4 Ne7 17.Nxe7 Bxe7 18.Nf5 O-O 19.Qd5 Rfe8 20.Qxb7 Bf8 21.Qd5 a4 22.Ne3 Qb6
23.Qd2 Qc5 24.Rfd1 Rac8 25.Qc2 a3 26.Rd5 Qc7 27.Qb3 Bc5 28.Nf5 Qb6 29.Qg3 Qg6
30.Qh4 Qg5 31.Qh3 Qf4 32.Rf1 Qxe4 33.Rd7 Qf4 34.Qh5 Rf8 35.Qh3 Rc6 36.Rd5 Bd4
37.Ne7+ Kh7 38.Nxc6 Bc3 39.Qd3+ e4 40.Qc2 Rc8 41.Qa4 e3 42.Qc2+ g6 43.fxe3 Qxe3+
44.Qf2 Qxf2+ 45.Rxf2 Rxc6 46.Rxf7+ Kg8 47.Rb7 Rc8 48.Rdd7 h5 49.c5 Re8 50.c6  1-0

[Event "Open"]
[Site "Voronezh RUS"]
[Date "2005.06.21"]
[Round "9"]
[White "Zubarev,Al1"]
[Black "Kurenkov,N"]
[Result "1-0"]
[WhiteElo "2514"]
[BlackElo "2455"]

1.e4 c5 2.Nf3 d6 3.Bb5+ Bd7 4.Bxd7+ Qxd7 5.O-O Nf6 6.e5 dxe5 7.Nxe5 Qc7 8.d4 e6
9.Bf4 Bd6 10.Na3 a6 11.Nac4 Nc6 12.Bg3 Bxe5 13.Bxe5 Nxe5 14.dxe5 Nd7 15.Nd6+ Kf8
16.Qh5 Nb6 17.Rad1 h6 18.Rd3 g6 19.Qf3 c4 20.Rd4 Rd8 21.Qf6 Rh7 22.Nb5  1-0

[Event "6th EICC"]
[Site "Warsaw POL"]
[Date "2005.06.21"]
[Round "4"]
[White "Cheparinov,I"]
[Black "Lupulescu,C"]
[Result "1/2-1/2"]
[WhiteElo "2621"]
[BlackElo "2546"]

1.e4 c5 2.Nf3 d6 3.Bb5+ Bd7 4.Bxd7+ Qxd7 5.c4 Nf6 6.Nc3 Nc6 7.d4 cxd4 8.Nxd4 Qg4
9.O-O Qxd1 10.Rxd1 Nxd4 11.Rxd4 Rc8 12.Bg5 Nd7 13.Rc1 g6 14.Nd5 h6 15.Be3 Bg7
16.Rdd1 a6 17.b4 e6 18.Nb6 Nxb6 19.Bxb6 Ke7 20.c5 Be5 21.Rd3 Rc6 22.a4 Rhc8
23.a5 dxc5 24.Bxc5+ Ke8 25.Rcd1 Bf6 26.Kf1 Rd8 27.Ke2 Rcc8 28.f4 Rxd3 29.Rxd3 Be7
30.Rc3 h5 31.Kd2 Bf6 32.e5 Bd8 33.Kd3 Kd7 34.Kd4 Bc7 35.g3 Rg8 36.Ke4 Rh8
37.Kd4 Rg8 38.Bb6 Bxb6+ 39.axb6 Rc8 40.Rxc8 Kxc8 41.Kc5 Kd7 42.b5 axb5 43.Kxb5  1/2-1/2

[Event "6th EICC"]
[Site "Warsaw POL"]
[Date "2005.06.21"]
[Round "4"]
[White "Mamedov,Rau"]
[Black "Lagowski,P"]
[Result "1/2-1/2"]
[WhiteElo "2511"]
[BlackElo "2393"]

1.e4 c5 2.Nf3 d6 3.Bb5+ Nc6 4.c3 Nf6 5.Qe2 Bd7 6.O-O a6 7.Ba4 b5 8.Bb3 Qb6
9.d3 Rc8 10.h3 e6 11.Be3 Be7 12.Nbd2 O-O 13.Rfe1 h6 14.Nf1 Qb8 15.Bf4 Ne5
16.Bc2 Ng6 17.Bh2 Nh5 18.Qd2 e5 19.d4 Be6 20.Ne3 Nhf4 21.dxe5 dxe5 22.Nd5 Bg5
23.Nxg5 hxg5 24.Bg3 Rfd8 25.Qe3 Qb7 26.Rad1 f6 27.b3 Kf7 28.c4  1/2-1/2

[Event "Torch Real Estate Cup"]
[Site "Xiapu CHN"]
[Date "2005.06.21"]
[Round "14"]
[White "Zhao Lan"]
[Black "Krush,I"]
[Result "1/2-1/2"]
[WhiteElo "2187"]
[BlackElo "2455"]

1.e4 c5 2.Nf3 d6 3.Bb5+ Nd7 4.O-O Nf6 5.Re1 a6 6.Bf1 Ne5 7.h3 Nxf3+ 8.Qxf3 e5
9.c3 Be7 10.d4 O-O 11.dxe5 dxe5 12.a4 b6 13.Bc4 Bb7 14.Nd2 Bc6 15.Qe2 Qb8
16.Bd3 Rd8 17.Nf1 Qb7 18.Ng3 g6 19.Bh6 b5 20.b3 c4 21.Bc2 cxb3 22.Bxb3 bxa4
23.Bxa4 Bxa4 24.Rxa4 Nd7 25.Rea1 Nc5 26.Rb4 Qc6 27.Rab1 a5 28.Rb6 Qd7 29.Qf3 Qd3
30.Qg4 a4 31.Nf5 Bf8 32.f3 a3 33.Qg5 a2 34.Qf6 axb1=Q+ 35.Kh2 gxf5 36.Qg5+ Kh8
37.Qf6+ Kg8 38.Qg5+ Kh8 39.Qf6+  1/2-1/2

[Event "6th ch-EURw"]
[Site "Chisinau MDA"]
[Date "2005.06.22"]
[Round "11"]
[White "Bashkite,V"]
[Black "Kucherenko,O"]
[Result "0-1"]
[WhiteElo "2205"]
[BlackElo "2079"]

1.e4 c5 2.Nf3 d6 3.Bb5+ Bd7 4.Bxd7+ Qxd7 5.O-O Nc6 6.c4 g6 7.d4 cxd4 8.Nxd4 Bg7
9.Ne2 Nf6 10.Nbc3 O-O 11.f3 Rfd8 12.Bg5 h6 13.Bh4 Na5 14.Qd3 Rac8 15.b3 Qe8
16.Qe3 Nc6 17.Rad1 a6 18.a4 a5 19.Nd5 g5 20.Be1 Nh7 21.Bc3 Qf8 22.Nd4 e6
23.Nb6 Rb8 24.Nxc6 bxc6 25.e5 Rb7 26.c5 dxc5 27.Bxa5 Ra7 28.Nc4 Rd5 29.Bb6 Rad7
30.Rxd5 exd5 31.Bxc5 Qe8 32.Nb6 Rd8 33.Re1 Nf8 34.b4 Ne6 35.Bd6 Nf4 36.a5 Rxd6
37.g3 Rg6 38.a6 Ne6 39.a7 Nc7 40.f4 gxf4 41.Qxf4 Re6 42.Qg4 Rxe5 43.Rxe5 Qxe5
44.Qc8+ Kh7 45.a8=Q Nxa8 46.Nxa8 Qe4 47.Qxc6 Bd4+ 48.Kf1 Qf3+ 49.Ke1 Bc3+  0-1

[Event "6th ch-EURw"]
[Site "Chisinau MDA"]
[Date "2005.06.22"]
[Round "11"]
[White "Dolzhikova,K"]
[Black "Gheorghe,C"]
[Result "1-0"]
[WhiteElo "2232"]
[BlackElo "2234"]

1.e4 c5 2.Nf3 d6 3.Bb5+ Nd7 4.c4 Nf6 5.Nc3 e5 6.d3 Be7 7.O-O O-O 8.a3 a5
9.Ne1 Ne8 10.Nc2 Nc7 11.Bxd7 Bxd7 12.Ne3 Bg5 13.Ned5 Bxc1 14.Rxc1 Ne6 15.Ne2 b5
16.f4 exf4 17.Nexf4 Nd4 18.Qh5 Rb8 19.Rf2 f5 20.Re1 bxc4 21.exf5 Re8 22.Ne6 Bxe6
23.fxe6 cxd3 24.e7 Qc8 25.Rf8+  1-0

[Event "Marx Gyorgy Open"]
[Site "Paks HUN"]
[Date "2005.06.22"]
[Round "9"]
[White "Videki,S"]
[Black "Nagy,Danie"]
[Result "1/2-1/2"]
[WhiteElo "2405"]
[BlackElo "2189"]

1.e4 c5 2.Nf3 d6 3.Bb5+ Nd7 4.d4 cxd4 5.Qxd4 Nf6 6.O-O e5 7.Qd3 Be7 8.Bg5 O-O
9.Bxf6 Nxf6 10.Nc3 a6 11.Bc4 b5 12.Bb3 Bb7 13.a4 b4 14.Nd5 Nxd5 15.Bxd5 Bxd5
16.Qxd5 Rc8 17.Qb3 Qc7 18.Rac1 Qc4  1/2-1/2

[Event "6th EICC"]
[Site "Warsaw POL"]
[Date "2005.06.23"]
[Round "6"]
[White "Nevednichy,V"]
[Black "Moranda,W"]
[Result "1/2-1/2"]
[WhiteElo "2566"]
[BlackElo "2452"]

1.e4 c5 2.Nf3 d6 3.Bb5+ Bd7 4.Bxd7+ Qxd7 5.O-O Nf6 6.Qe2 Nc6 7.c3 Qg4 8.Re1 Ne5
9.Nxe5 Qxe2 10.Rxe2 dxe5 11.Na3 O-O-O 12.Nc4 Nd7 13.d4 e6 14.Be3 exd4 15.cxd4 b6
16.Rc1 Kb7 17.Rd2 Be7 18.Rcd1 Kc8 19.Kf1 cxd4 20.Bxd4 f6 21.Ke2 Nb8 22.a4 Nc6
23.Bc3 Rxd2+ 24.Rxd2 Rd8 25.Rxd8+ Kxd8 26.f4 Bc5 27.g4 Ke7 28.h4 Kf7 29.Kd3 g6
30.h5 f5 31.hxg6+ hxg6 32.gxf5 gxf5 33.Bd2 fxe4+ 34.Kxe4 Ke8 35.b3 Kd7 36.Bc3 a6
37.Nb2 b5 38.Nd3 Bd6 39.axb5 axb5 40.Bd2 Kc7  1/2-1/2

[Event "Torch Real Estate Cup"]
[Site "Xiapu CHN"]
[Date "2005.06.23"]
[Round "16"]
[White "Wu Kaiyu"]
[Black "Wang Yaoyao"]
[Result "0-1"]
[WhiteElo "2294"]
[BlackElo "2456"]

1.e4 c5 2.Nf3 d6 3.Bb5+ Nc6 4.O-O Bd7 5.Re1 Nf6 6.c3 a6 7.Bxc6 Bxc6 8.d4 Bxe4
9.Bg5 Bd5 10.Nbd2 e6 11.c4 Bxf3 12.Qxf3 cxd4 13.Bxf6 gxf6 14.Qxb7 Bg7 15.Nf3 O-O
16.Nxd4 Rb8 17.Qxa6 Rxb2 18.a4 f5 19.Rad1 Qc7 20.Nf3 Bc3 21.Rb1 Rfb8 22.Rxb2 Rxb2
23.Rf1 Kg7 24.h3 h6 25.Ne1 Rb6 26.Qa8 Qxc4 27.Qf3 Bf6 28.Qg3+ Kh7 29.a5 Ra6
30.Nd3 Rxa5 31.Rc1 Qd5 32.Nf4 Qb7 33.Nh5 Be5 34.f4 Bd4+ 35.Kh2 Rc5 36.Rd1 Rc3
37.Qh4 Rc2 38.Qg3 Qb2 39.Qf3 Rc1 40.Rd3 Bg1+ 41.Kg3 Rc8 42.h4 Bd4 43.Kh2 d5
44.Ng3 Qf2 45.Qh5 Rc2 46.Qxf7+ Bg7  0-1

[Event "zt 4.1"]
[Site "Taza MAR"]
[Date "2005.06.24"]
[Round "6"]
[White "Belkhodja,S"]
[Black "Idrissi,C"]
[Result "1-0"]
[WhiteElo "2471"]
[BlackElo "2215"]

1.e4 c5 2.Nf3 d6 3.Bb5+ Nc6 4.d4 cxd4 5.Qxd4 Bd7 6.Bxc6 Bxc6 7.Nc3 Nf6 8.Bg5 e6
9.O-O-O Be7 10.Qd3 Qa5 11.h4 h6 12.Bxf6 gxf6 13.Nd4 Rc8 14.f4 a6 15.f5 Bd7
16.fxe6 fxe6 17.e5 Qxe5 18.Rhe1 Qf4+ 19.Kb1 Qg4 20.Re4 Rxc3 21.bxc3 Qg8 22.Nxe6 Bxe6
23.Rde1  1-0

[Event "White Nights"]
[Site "St Petersburg RUS"]
[Date "2005.06.25"]
[Round "8"]
[White "Lavrik,D"]
[Black "Pavlov,Ma"]
[Result "1-0"]
[WhiteElo "2222"]
[BlackElo "2319"]

1.e4 c5 2.Nf3 d6 3.Bb5+ Bd7 4.Bxd7+ Qxd7 5.O-O Nf6 6.Re1 Nc6 7.c3 e6 8.d4 cxd4
9.cxd4 d5 10.e5 Ne4 11.Nbd2 Nxd2 12.Bxd2 Be7 13.Bg5 O-O 14.Bxe7 Qxe7 15.Re3 Rfc8
16.Rc1 Nd8 17.Rec3 Rc6 18.Rxc6 bxc6 19.Rc3 Rb8 20.Qc2 Qb7 21.Rb3 Qc7 22.Rc3 Qb6
23.b3 h6 24.g4 g6 25.a3 Kg7 26.Qd2 Nb7 27.Qf4 Rc8 28.Ng5 Rc7 29.Rf3  1-0

[Event "Torch Real Estate Cup"]
[Site "Xiapu CHN"]
[Date "2005.06.25"]
[Round "18"]
[White "Ni Hua"]
[Black "Lin Chen"]
[Result "1-0"]
[WhiteElo "2638"]
[BlackElo "2332"]

1.e4 c5 2.Nf3 d6 3.Bb5+ Nc6 4.Bxc6+ bxc6 5.O-O e5 6.c3 Nf6 7.Re1 Be7 8.d4 cxd4
9.cxd4 exd4 10.Nxd4 Bd7 11.Nc3 O-O 12.h3 Re8 13.Bf4 Qb6 14.Qd2 Rad8 15.Rad1 h6
16.Qc2 c5 17.Nde2 Bf8 18.Bg3 Bc6 19.Nf4 Qb7 20.f3 Rb8 21.Rd2 Nd7 22.Nfd5 Ne5
23.Ne3 Qa6 24.b3 c4 25.bxc4 Rb4 26.Ncd5 Bxd5 27.cxd5 Rc8 28.Qd1 g6 29.Qe2 Qb6
30.Kh2 Bg7 31.Ng4 Nd7 32.Rc2 Rxc2 33.Qxc2 Nc5 34.e5 Rb2 35.Qc4 h5 36.e6 fxe6
37.dxe6 Rb4 38.Qd5  1-0

[Event "Torch Real Estate Cup"]
[Site "Xiapu CHN"]
[Date "2005.06.26"]
[Round "19"]
[White "Qin Kanying"]
[Black "Gu Xiaobing"]
[Result "1/2-1/2"]
[WhiteElo "2472"]
[BlackElo "2331"]

1.e4 c5 2.Nf3 d6 3.Bb5+ Nc6 4.O-O Bd7 5.Re1 Nf6 6.h3 a6 7.Bf1 e6 8.c3 Be7
9.d4 cxd4 10.cxd4 d5 11.e5 Ne4 12.Nbd2 Nxd2 13.Bxd2 O-O 14.Bd3 f5 15.exf6 Bxf6
16.Bc3 Qe8 17.Re3 Qh5 18.b4 b5 19.Qe2 Qh6 20.Rxe6 Qf4 21.Rxc6 Bxc6 22.Qe6+ Kh8
23.Qxc6 Rac8 24.Bd2 Qxd4 25.Nxd4 Rxc6 26.Nxc6 Bxa1 27.f4 d4 28.Kf2 Bc3 29.Bxc3 dxc3
30.Ke3 Re8+ 31.Kd4 Re2 32.Kxc3 Rxg2 33.a3 Ra2 34.Kb3 Rh2 35.Bf5 Rf2 36.Bc8 Rxf4
37.Bxa6 Rf3+ 38.Kb2 Rxh3 39.Bxb5 g5 40.a4 g4 41.a5 g3 42.a6 g2 43.a7 g1=Q
44.a8=Q+ Kg7 45.Qa7+ Qxa7 46.Nxa7 Kf6 47.Kc2 Ke5 48.Nc6+ Kd6  1/2-1/2

[Event "6th EICC"]
[Site "Warsaw POL"]
[Date "2005.06.27"]
[Round "9"]
[White "Guadalpi,D"]
[Black "Bobras,P"]
[Result "0-1"]
[WhiteElo "2317"]
[BlackElo "2501"]

1.e4 c5 2.Nf3 d6 3.Bb5+ Nc6 4.O-O Bd7 5.Re1 Nf6 6.c3 a6 7.Bf1 Bg4 8.d3 e6
9.Nbd2 Be7 10.h3 Bh5 11.g4 Bg6 12.Nh4 Nd7 13.Ng2 O-O 14.f4 h6 15.Nf3 b5 16.Ne3 Bh7
17.Qe2 Rb8 18.Nc2 Re8 19.Qg2 a5 20.Bd2 b4 21.Rad1 Bf6 22.Ne3 bxc3 23.bxc3 Qc7
24.g5 hxg5 25.Nxg5 Rb2 26.Re2 Rxa2 27.Qg3 Rb8 28.Rg2 Rbb2 29.Nxh7 Kxh7 30.e5 dxe5
31.f5 exf5 32.Nxf5 g6 33.Qe3 Nf8 34.Qh6+ Kg8 35.d4 Ne7 36.Nxe7+ Qxe7 37.dxe5 Bg7
38.Qf4 Qxe5 39.Qf3 c4 40.Kh1 Qe6 41.Qf4 Qxh3+ 42.Rh2 Qd7 43.Bxc4 Ne6 44.Bxe6 Qxe6
45.Rf1 Qd5+ 46.Kg1 Be5  0-1

[Event "6th EICC"]
[Site "Warsaw POL"]
[Date "2005.06.27"]
[Round "9"]
[White "Lupulescu,C"]
[Black "Kobalia,M"]
[Result "0-1"]
[WhiteElo "2546"]
[BlackElo "2644"]

1.e4 c5 2.Nf3 d6 3.Bb5+ Nc6 4.O-O Bd7 5.c3 a6 6.Ba4 b5 7.Bc2 Nf6 8.Re1 e5
9.h3 Be7 10.d4 O-O 11.d5 Na5 12.Nbd2 g6 13.b4 Nb7 14.Rb1 a5 15.a3 Nh5 16.Nf1 Qc7
17.Bh6 Rfc8 18.Bd3 axb4 19.axb4 Ra3 20.Qd2 Rca8 21.Ne3 Qc8 22.Kh2 c4 23.Bc2 Nd8
24.g4 Nf4 25.Rg1 Nb7 26.Nf5 Bf8 27.Bxf4 exf4 28.N5d4 Bg7 29.Rbc1 Qd8 30.Bb1 Be5
31.Rg2 Qe7 32.Kh1 Nd8 33.Rcg1 Qf8 34.Rh2 f6 35.Rhg2 Nf7 36.h4 Qh6 37.Rh2 Ra1
38.Qb2 Qf8 39.Nc2 R1a6 40.Rhg2 Nh6 41.Ncd4 Nf7 42.Qd2 Ra3 43.Ne2 Qc8 44.Nfd4 Qf8
45.Nf3 Kh8 46.Ned4 R8a6 47.Ne2 Ra8 48.Ned4 Nh6 49.Qc1 Qg7 50.Ne2 Nxg4 51.Rxg4 Bxg4
52.Rxg4 Qd7 53.Qg1 Ra1 54.Nd2 R8a2 55.Nxf4 Bxf4 56.Rxf4 Rxd2 57.Qc1 Qh3+
58.Kg1 Qd3 59.Kh2 Rxb1 60.Qa3 Rh1+  0-1

[Event "33rd World Open"]
[Site "Philadelphia USA"]
[Date "2005.06.29"]
[Round "2"]
[White "Duncan,J"]
[Black "Mirabile,T"]
[Result "1-0"]
[WhiteElo "2147"]
[BlackElo "2247"]

1.e4 c5 2.Nf3 d6 3.Bb5+ Bd7 4.Bxd7+ Nxd7 5.O-O Ngf6 6.Re1 e6 7.c3 Be7 8.d4 d5
9.e5 Ne4 10.Nbd2 Nxd2 11.Bxd2 O-O 12.h4 Bxh4 13.g3 Be7 14.Kg2 Re8 15.Qc2 Nf8
16.Rh1 cxd4 17.cxd4 f5 18.exf6 Bxf6 19.Rh3 g6 20.Rah1 Qd7 21.Bb4 Qf7 22.Qe2 Rac8
23.Bxf8 Rxf8 24.Rxh7 Qxh7 25.Rxh7 Kxh7 26.Qxe6 Rcd8 27.g4 g5 28.Qf5+ Kh6
29.b3 b6 30.a3 Rde8 31.Qxd5 Re7 32.Qd6 Kg7 33.Ne5 Rfe8 34.Nd7 Re6 35.Qd5 Bd8
36.Qf5 Re4 37.Ne5  1-0

[Event "2nd RUS Pupils Summer Boys"]
[Site "Satka RUS"]
[Date "2005.07.01"]
[Round "5"]
[White "Ponkratov,P"]
[Black "Moskalenko,A"]
[Result "1-0"]
[WhiteElo "2378"]
[BlackElo "2355"]

1.e4 c5 2.Nf3 d6 3.Bb5+ Bd7 4.Bxd7+ Qxd7 5.c4 Nc6 6.Nc3 g6 7.d4 cxd4 8.Nxd4 Bg7
9.Nde2 Nf6 10.O-O O-O 11.f3 a6 12.Bg5 e6 13.Qd2 Rfc8 14.b3 Ne8 15.Rad1 Qc7
16.Kh1 Rab8 17.Rc1 Qa5 18.f4 h6 19.Bh4 Rc7 20.f5 g5 21.Bg3 Rd8 22.h4 Bf6
23.Bh2 Ne5 24.hxg5 hxg5 25.Ng3 Ng7 26.fxe6 Ng4 27.e5 Nxh2 28.exf7+ Rxf7 29.Rxf6 Ng4
30.Rxf7 Kxf7 31.Rf1+ Ke6 32.Qd4 Rh8+ 33.Kg1 Qc5 34.Qxc5 dxc5 35.Nge4 Kxe5
36.Nxg5 Kd4 37.Nd5 Nh6 38.Rf4+ Kd3 39.Rf3+ Kd4 40.Re3 Rf8 41.Nf3+  1-0

[Event "ch-BEL"]
[Site "Aalst BEL"]
[Date "2005.07.02"]
[Round "1"]
[White "Vandenbussche,T"]
[Black "Piceu,T"]
[Result "1/2-1/2"]
[WhiteElo "2191"]
[BlackElo "2345"]

1.e4 c5 2.Nf3 d6 3.Bb5+ Nd7 4.c3 a6 5.Ba4 b5 6.Bc2 Bb7 7.O-O Ngf6 8.Re1 e6
9.d4 Be7 10.a4 Qb6 11.Nbd2 cxd4 12.cxd4 e5 13.axb5 axb5 14.Rxa8+ Bxa8 15.Nf1 O-O
16.Ng3 Re8 17.b3 Bf8 18.Bb2  1/2-1/2

[Event "4th Open"]
[Site "La Fere FRA"]
[Date "2005.07.03"]
[Round "2"]
[White "Shirazi,K"]
[Black "Mandon,F"]
[Result "1-0"]
[WhiteElo "2410"]
[BlackElo "2155"]

1.e4 c5 2.Nf3 d6 3.Bb5+ Bd7 4.a4 Nc6 5.O-O e5 6.h3 Nf6 7.Re1 g6 8.d4 Nxd4
9.Nxd4 cxd4 10.c3 Bxb5 11.axb5 dxc3 12.Nxc3 Be7 13.Bh6 Bf8 14.Be3 Bg7 15.Bxa7 O-O
16.Be3 Qd7 17.Qd3 Qe6 18.b6 Rfd8 19.Ra7 Rab8 20.Rd1 Bf8 21.Nb5 Nh5 22.Nc7 Qe7
23.Rc1 Nf4 24.Bxf4 exf4 25.Nd5 Qe5 26.Qc3 Qg5 27.Qf6 Qxf6 28.Nxf6+ Kg7 29.Nd5  1-0

[Event "Pivdenny Bank Geller Mem"]
[Site "Odessa UKR"]
[Date "2005.07.03"]
[Round "8"]
[White "Podgaets,M"]
[Black "Golubev,M"]
[Result "1/2-1/2"]
[WhiteElo "2487"]
[BlackElo "2517"]

1.e4 c5 2.Nf3 d6 3.Bb5+ Bd7 4.Bxd7+ Qxd7 5.O-O Nc6 6.c3 Nf6 7.Qe2 e6 8.d4 cxd4
9.cxd4 d5 10.e5 Ne4 11.Be3 Be7 12.Ne1 f6 13.f3 Ng5 14.Nd3 Nf7 15.Bf2 O-O
16.Nc3 fxe5 17.dxe5 Nh6 18.Rad1 b6 19.Qd2 Nf5 20.Ne2 Rac8 21.f4 h5 22.Ne1 Na5
23.b3 Nb7 24.Nd4 Nc5 25.Qe2 Ne4 26.Nxf5 exf5 27.Bd4 Bc5 28.Qxh5 Bxd4+ 29.Rxd4 Rc1
30.Nf3 Rxf1+ 31.Kxf1 Qb5+ 32.Kg1 Qe2 33.h3 Qf2+ 34.Kh2 Qg3+ 35.Kg1 Qf2+ 36.Kh2 Qg3+
37.Kg1 Qf2+  1/2-1/2

[Event "ch-NOR"]
[Site "Sandnes NOR"]
[Date "2005.07.03"]
[Round "2"]
[White "Dannevig,O"]
[Black "Hammer,J"]
[Result "0-1"]
[WhiteElo "2347"]
[BlackElo "2318"]

1.e4 c5 2.Nf3 d6 3.Bb5+ Bd7 4.Bxd7+ Nxd7 5.c4 Ngf6 6.Nc3 g6 7.O-O Bg7 8.d4 cxd4
9.Nxd4 a6 10.Be3 Rc8 11.Qb3 Nc5 12.Qc2 Ng4 13.Qe2 Nxe3 14.Qxe3 Qb6 15.Nd5 Qxb2
16.Qg5 f6 17.Qg4 Kf7 18.Nb3 Nxb3 19.axb3 Rhd8 20.Qh3 e6 21.Nc3 f5 22.Rfc1 Qxb3
23.exf5 exf5 24.Rab1 Qxc4 25.Rxb7+ Kg8 26.Qe3 Re8 27.Qa7 Qxc3 28.Rf1 Qd4  0-1

[Event "2nd CHN-FRA Match"]
[Site "Shenzheng CHN"]
[Date "2005.07.03"]
[Round "6"]
[White "Hou Yifan"]
[Black "Fontaine,R"]
[Result "1/2-1/2"]
[WhiteElo "2158"]
[BlackElo "2539"]

1.e4 c5 2.Nf3 d6 3.Bb5+ Bd7 4.Bxd7+ Qxd7 5.O-O Nf6 6.e5 dxe5 7.Nxe5 Qc7 8.d4 cxd4
9.Bf4 Qd8 10.c3 d3 11.Qa4+ Nc6 12.Na3 Qc8 13.Rad1 e6 14.Rxd3 Be7 15.Bg5 Qc7
16.Bxf6 gxf6 17.Nxc6 Qxc6 18.Qxc6+ bxc6 19.Nc4 Rd8 20.Rfd1 Rd5 21.Ne3 Rxd3
22.Rxd3 Bc5 23.Nc4 Ke7 24.Kf1 e5 25.b4 Bb6 26.Rd6 Rc8 27.g4 Bd8 28.Ke2 a5
29.Rd3 Ra8 30.a3 Bc7 31.Kf3 Ke6 32.Ke4 h5 33.h3 hxg4 34.hxg4 Rh8 35.Ne3 Rh4
36.Kf3 Rh1 37.Rd1 Rxd1 38.Nxd1 f5 39.gxf5+ Kxf5 40.Ne3+ Ke6 41.Ke4 axb4 42.cxb4 Bd6
43.Nf5 Bf8 44.f3 f6 45.Ne3 Be7 46.Kd3 f5 47.Kc4 Bg5 48.Nc2 Be7 49.a4 Kd7
50.a5 Kc7 51.Ne3 e4 52.fxe4 fxe4 53.Nc2 Bf6 54.Ne3 Be7 55.Nc2 Bf6 56.Kb3 Bg5
57.Nd4 Be7 58.Kc4 e3 59.Ne6+ Kb7 60.Nf4 Ka6 61.Ne2 c5 62.bxc5 Bxc5 63.Kxc5 Kxa5  1/2-1/2

[Event "2nd RUS Pupils Summer Boys"]
[Site "Satka RUS"]
[Date "2005.07.04"]
[Round "7"]
[White "Nozdrin,A"]
[Black "Kharitonov,E"]
[Result "1-0"]
[WhiteElo "2187"]
[BlackElo "2188"]

1.e4 c5 2.Nf3 d6 3.Bb5+ Nc6 4.O-O g6 5.c3 Bg7 6.d4 cxd4 7.cxd4 Bd7 8.Nc3 Nf6
9.h3 O-O 10.Bg5 h6 11.Bf4 a6 12.Bxc6 Bxc6 13.d5 Bd7 14.Qb3 b5 15.Rfe1 Rc8
16.e5 dxe5 17.Nxe5 Ne8 18.d6 Nxd6 19.Nxg6 Re8 20.Nxe7+ Rxe7 21.Bxd6 Rxe1+
22.Rxe1 Be6 23.Qa3 Rc6 24.Rd1 Bxc3 25.bxc3 Bxa2 26.Rd4 Be6 27.Be7 Qc7 28.Bf6 Rxc3
29.Qxc3  1-0

[Event "2nd CHN-FRA Match"]
[Site "Shenzheng CHN"]
[Date "2005.07.04"]
[Round "7"]
[White "Zhao Jun"]
[Black "Benmesbah,N"]
[Result "1-0"]
[WhiteElo "2521"]
[BlackElo "2113"]

1.e4 c5 2.Nf3 d6 3.Bb5+ Nd7 4.d4 Nf6 5.Nc3 cxd4 6.Qxd4 e5 7.Qd3 h6 8.Be3 a6
9.Bc4 Be7 10.a4 Qc7 11.O-O Nc5 12.Bxc5 Qxc5 13.Nd5 Be6 14.Nxf6+ Bxf6 15.Bxe6 fxe6
16.Qb3 d5 17.exd5 exd5 18.Nxe5 Bxe5 19.Rae1 Qd6 20.Qg3 O-O 21.Qxe5 Qxe5 22.Rxe5 Rac8
23.Rc1 Rc4 24.Rxd5 Rxa4 25.c3 Ra2 26.Rb1 Re8 27.Kf1 Re7 28.Rd2 Kf7 29.Re2 Rxe2
30.Kxe2 Ke7 31.Kd3 Ra5 32.Re1+ Kd7 33.Re4 g5 34.h4 Rf5 35.f3 Kd6 36.Rd4+ Ke6
37.Rb4 b5 38.Re4+ Kd7 39.b4 Rf6 40.hxg5 hxg5 41.Rg4 Rf5 42.Ke4 Ke6 43.f4  1-0

[Event "2nd CHN-FRA Match"]
[Site "Shenzheng CHN"]
[Date "2005.07.04"]
[Round "7"]
[White "Fontaine,R"]
[Black "Zhou Jianchao"]
[Result "1/2-1/2"]
[WhiteElo "2539"]
[BlackElo "2473"]

1.e4 c5 2.Nf3 d6 3.Bb5+ Bd7 4.Bxd7+ Qxd7 5.O-O Nc6 6.c3 Nf6 7.d4 Nxe4 8.d5 Ne5
9.Re1 Nf6 10.Nxe5 dxe5 11.c4 g6 12.Rxe5 Bg7 13.Nc3 h6 14.d6 Rd8 15.Bf4 Qxd6
16.Rd5 Nxd5 17.Bxd6 Nxc3 18.bxc3 O-O 19.Qf3 Rxd6 20.Rd1 Rfd8 21.Rxd6 Rxd6
22.g3 Rd7 23.a4 a5 24.Kg2 h5 25.Qe3 b6 26.Qf3 Bf6 27.h4 Kg7 28.Qc6 Rd6 29.Qb7 Re6
30.f3 Bxc3 31.Kh3 Bd4 32.g4 hxg4+ 33.Kxg4 Bf6 34.h5 Rd6 35.hxg6 fxg6 36.Kg3 Rd4
37.Qxb6 Rxc4 38.Qxa5 Rc2 39.Qc7 c4 40.a5 c3 41.a6 Ra2 42.a7 Ra3 43.Kg2 c2
44.Qxc2 Rxa7 45.Qc4 Rb7 46.Kf2 Rb2+ 47.Ke3 Bg5+ 48.Ke4 Rb1  1/2-1/2